| 000 | 01321cad a22001935a 4500 | ||
|---|---|---|---|
| 001 | L154622 | ||
| 008 | 120106e20110512xxk f 000 0 eng d | ||
| 035 | _a(Sirsi) u154622 | ||
| 041 | 0 | _aeng | |
| 245 | 0 | 0 |
_aBDW Trading Ltd (t/a Barratt North London) v J M Rowe (Investments) Ltd _h[electronic resource] |
| 260 | _c2011 | ||
| 520 | _a[2011] EWCA Civ 548, 12 May 2011. Could a buyer of development land rely on a technical breach to free itself from an uncommercial contract? Claimant developer B agreed to purchase a development site from respondent R in 2008. B gave notice to terminate in November 2008 on the grounds that R had not satisfied one of the conditions which it had agreed to meet by July 2008. B appealed against the earlier decision in favour of R. "Held": appeal upheld. R's claim that B had acted in a way that stopped R meeting its responsibility was dismissed. R did not meet a contract condition and B could terminate the contract. | ||
| 590 | _aKA | ||
| 650 | 2 | 4 | _aBDW TRADING LTD (T/A BARRATT NORTH LONDON) V JM ROWE (INVESTMENTS) LTD |
| 651 | 4 |
_aEngland and Wales _y1543- |
|
| 690 | _aPROPERTY-RESIDENTIAL PROPERTY-RESIDENTIAL PROPERTY DEVELOPMENT | ||
| 856 | 4 | 0 |
_uhttps://www.bailii.org/ew/cases/EWCA/Civ/2011/548.html _zView this law report free of charge at www.bailii.org |
| 942 | _n0 | ||
| 999 |
_c113072 _d113072 |
||